La novela moderna : su sentido y su mensaje : ensayo de interpretación literario-filosófica /
Estudio que analiza el espíritu moderno que subyace de manera impresa en la novela y que pone de manifiesto las ideas, sentimientos, costumbres, ambiente moral y religioso de una época. Para ello el autor plantea los elementos centrales que dan origen a las tendencias de la novela moderna, como el m...
Uloženo v:
| Hlavní autor: | |
|---|---|
| Médium: | Kniha |
| Jazyk: | španělština |
| Vydáno: |
México :
Jus,
1944, c1944
|
| Témata: | |
| Tagy: |
Žádné tagy, Buďte první, kdo vytvoří štítek k tomuto záznamu!
|
MARC
| LEADER | 00000nam^a2200000^a^4500 | ||
|---|---|---|---|
| 001 | 000422881 | ||
| 005 | 20250526000000.0 | ||
| 009 | 20260310122612.513 | ||
| 037 | |a Acervo ITESO - Biblioteca | ||
| 041 | |a ESP | ||
| 082 | |a 809. 304 |b PEÑ | ||
| 100 | |a Peña, Carlos Héctor de la |e (autor) | ||
| 245 | 1 | 3 | |a La novela moderna : |b su sentido y su mensaje : ensayo de interpretación literario-filosófica / |c C.H. de la Peña. |
| 264 | 1 | |a México : |b Jus, |c 1944, c1944 | |
| 300 | |a 191 p. ; |c 22.0 cm. | ||
| 336 | |a texto |b txt |2 rdacontenido | ||
| 337 | |a sin mediación |b n |2 rdamedio | ||
| 338 | |a volumen |b nc |2 rdasoporte | ||
| 520 | |a Estudio que analiza el espíritu moderno que subyace de manera impresa en la novela y que pone de manifiesto las ideas, sentimientos, costumbres, ambiente moral y religioso de una época. Para ello el autor plantea los elementos centrales que dan origen a las tendencias de la novela moderna, como el medio ambiente, la realidad del yo y su relación con el exterior, el espacio y tiempo y el mensaje. | ||
| 649 | |a XX | ||
| 650 | |a Creación (Literaria, Artística, etc.) - |x Historia y Crítica | ||
| 650 | |a Novela - |x Historia y Crítica - |x Tema Principal | ||
| 650 | |a Literatura - |x Historia y Crítica | ||
| 650 | |a Literatura - |y Siglo XX | ||
| 910 | |a Fondo Alfonso de Alba Martín | ||
| 920 | |a Impresos - Libros | ||
| 930 | |a Libros Antiguos y Raros | ||
| 940 | |a Literatura | ||
| 905 | |a 125 | ||
| 901 | |a 0500340772 |b IT2 |c LRA |i D98911 |u 20250526 | ||
| 902 | |a https://opac.biblio.iteso.mx/vufind/Record/000422881 | ||